सत्ता-संघर्ष / (Record no. 49006)

MARC details
000 -LEADER
fixed length control field 01052nam a22002537a 4500
005 - DATE AND TIME OF LATEST TRANSACTION
control field 20101206113148.0
008 - FIXED-LENGTH DATA ELEMENTS--GENERAL INFORMATION
fixed length control field 101206t xxu||||| |||| 00| 0 hin d
010 ## - LCCN (DPL NO)
LC control number HIN-91196
020 ## - INTERNATIONAL STANDARD BOOK NUMBER
Terms of availability 250.00
International Standard Book Number 81887300916
035 ## - SYSTEM CONTROL NUMBER
System control number HN-63542
037 ## - SOURCE OF ACQUISITION
Source of stock number/acquisition DBAD/PUB
040 ## - CATALOGING SOURCE
Original cataloging agency DPL
Language of cataloging HN
082 ## - DEWEY DECIMAL CLASSIFICATION NUMBER
Classification number
100 ## - MAIN ENTRY--PERSONAL NAME
Personal name भाटिया, सुदर्शन
9 (RLIN) 24598
245 ## - TITLE STATEMENT
Title सत्ता-संघर्ष /
Statement of responsibility, etc सुदर्शन भाटिया
246 ## - VARYING FORM OF TITLE
Title proper/short title Satta-Sangharsh
Remainder of title by Sundarshan Bhatia
260 ## - PUBLICATION, DISTRIBUTION, ETC. (IMPRINT)
Place of publication, distribution, etc दिल्ली
Name of publisher, distributor, etc राज पब्लिशिंग हाउस
Date of publication, distribution, etc 2010
270 ## - ADDRESS
Address 9/5123, पुराना सीलमपुर (पूर्व)
City दिल्ली
Postal code 110031
Telephone number 24568261 (011)
300 ## - PHYSICAL DESCRIPTION
Extent 136पृ.
Dimensions 22सेमी (सजिल्द)
Other physical details सचित्र
650 ## - SUBJECT ADDED ENTRY--TOPICAL TERM
9 (RLIN) 1169
700 ## - ADDED ENTRY--PERSONAL NAME
9 (RLIN) 24599
942 ## - ADDED ENTRY ELEMENTS (KOHA)
Source of classification or shelving scheme Dewey Decimal Classification
Item type Hindi Books
Call number suffix भाटिया
Holdings
Withdrawn status Lost status Source of classification or shelving scheme Damaged status Not for loan Collection code Home library Current library Date acquired Source of acquisition Cost, normal purchase price Total Checkouts Full call number Barcode Date last seen Copy number Cost, replacement price Koha item type
    Dewey Decimal Classification   Not For Loan Non-fiction D.B.Act.Division D.B.Act.Division 07/12/2010 DBAD /PUB 250.00   भाटिया HN-63542 07/12/2010 1 250.00 Hindi Books

© Delhi Public Library
Hit Counter
free hit counter